书目信息 |
| 题名: |
数学知识智力训练
|
|
| 作者: | 段云鑫 编著 | |
| 分册: | ||
| 出版信息: | 北京 地质出版社 1982 |
|
| 页数: | 217页 | |
| 开本: | 19cm | |
| 丛书名: | 少年智力开发丛书 | |
| 单 册: | ||
| 中图分类: | G633.6 , O12-44 | |
| 科图分类: | ||
| 主题词: | 教育--各级 , 初等数学--习题 | |
| 电子资源: | ||
| ISBN: | ||
| 000 | 00727nam2 2200277 45 | |
| 001 | 0182000999 | |
| 005 | 20060809164527.76 | |
| 010 | @dCNY0.66 | |
| 091 | @a7038.38 | |
| 100 | @a19950706d1982 em y0chiy0121 ea | |
| 101 | 0 | @achi |
| 102 | @aCN@b110000 | |
| 105 | @ay z 000yy | |
| 200 | 10 | @a数学知识智力训练@Ashu xue zhi shi zhi li xun lian@f段云鑫编著 |
| 210 | @a北京@c地质出版社@d1982 | |
| 215 | @a217页@d19cm | |
| 225 | 2 | @a少年智力开发丛书 |
| 410 | 0 | @120010@a少年智力开发丛书 |
| 606 | 0 | @a教育@x各级 |
| 606 | @a初等数学@x习题 | |
| 690 | @aG633.6 | |
| 690 | @aO12-44@v3 | |
| 701 | 0 | @a段云鑫@Aduan yun xin@4编著 |
| 801 | 0 | @aCN@b上海图书馆@c20060809 |
| 801 | 2 | @aCN@bNLC@c20060808 |
| 905 | @dG633.6@e60 | |
| 数学知识智力训练/段云鑫编著.-北京:地质出版社,1982 |
| 217页;19cm.-(少年智力开发丛书) |
| ISBN :CNY0.66 |
| ● |
| 相关链接 |
|
|
|
|
正题名:数学知识智力训练
索取号:G633.6/60
 
预约/预借
| 序号 | 登录号 | 条形码 | 馆藏地/架位号 | 状态 | 备注 |
| 1 | 0105630 | 000250711 | 密集书库/ [索取号:G633.6/60] | 在馆 | |
| 2 | 0105632 | 202435739 | 第一样本阅览室/ [索取号:G633.6/60] | 在馆 | |
| 3 | 0165030 | 000550711 | 第四借阅区/ [索取号:G633.6/60] | 在馆 | |
| 4 | 0165031 | 000250720 | 密集书库/ [索取号:G633.6/60] | 在馆 | |
| 5 | 0447282 | 204472828 | 密集书库/ [索取号:G633.6/60] | 在馆 | |
| 6 | 0450120 | 204501208 | 密集书库/ [索取号:G633.6/60] | 在馆 |